Normal view
MARC view
- Kekan Pratiksha- 2K211055 & Prof. Priyanka Potdar - Guide
Entry Personal Name
001 - CONTROL NUMBER
- control field: 208150
003 - CONTROL NUMBER IDENTIFIER
- control field: OSt
005 - DATE AND TIME OF LATEST TRANSACTION
- control field: 20240808172400.0
008 - FIXED-LENGTH DATA ELEMENTS
- fixed length control field: 240808|| aca||aabn | a|a d
040 ## - CATALOGING SOURCE
- Original cataloging agency: OSt
- Transcribing agency: OSt
100 ## - HEADING--PERSONAL NAME
- Personal name: Kekan Pratiksha- 2K211055 & Prof. Priyanka Potdar - Guide
670 ## - SOURCE DATA FOUND
- Source citation: Work cat.: (OSt)359387: Kekan Pratiksha- 2K211055 & Prof. Priyanka Potdar - Guide , A Study of Job Satisfaction at United Bank of Switzerland, March-2023